000 00413nam a22001457a 4500
003 OSt
082 _a631.3
_bPAC/DE
088 _aT533
100 _aPachangane Alankar Ashok
_95188
245 _aDesign and development of continuous type Coconut splitter
260 _aKCAET, Tavanur
_bDepartment of farm machinery and power engineering
_c2022
300 _a95 pages
700 _aShivaji K P (guide)
942 _cTH
999 _c17504
_d17504